| 000 | 00404nam a2200121Ia 4500 | ||
|---|---|---|---|
| 008 | 200915s9999 xx 000 0 und d | ||
| 020 | _a978-1-119-54395-4 | ||
| 100 | _aEpstein, Lita | ||
| 245 |
_cLita Epstein.-- _aReading financial reports for dummies / |
||
| 260 |
_aNew Jersey : _bJohn Wiley & Sons, Inc. _c2019 |
||
| 300 |
_axvi , 360 pages : _billustrations ; _c23 cm. |
||
| 650 | _aFinancial statements. | ||
| 999 |
_c364216 _d364216 |
||